[Event "Vimercate Weekend 8th"]
[Site "Vimercate"]
[Date "2013.11.23"]
[Round "4"]
[White "Ceka, Shpetim"]
[Black "Moroni, Luca Jr"]
[Result "0-1"]
[WhiteElo "1882"]
[BlackElo "2219"]
[PlyCount "50"]
[EventDate "2013.11.22"]
[EventType "swiss"]
[EventRounds "5"]
[EventCountry "ITA"]
[SourceTitle "EXT 2024"]
[Source "ChessBase"]
[SourceDate "2023.10.10"]
[SourceVersion "1"]
[SourceVersionDate "2023.10.10"]
[SourceQuality "1"]

1. e4 c5 2. f4 Nc6 3. Nf3 d6 4. Bc4 e6 5. Nc3 Nge7 6. 0-0 g6 7. Ng5 h6 8. Nxf7 Kxf7 9. f5 Ne5 10. fxe6+ Kg8 11. Bd5 Bg7 12. d3 Kh7 13. Be3 N7c6 14. Nb5 a6 15. Na3 Qe7 16. c3 Bxe6 17. Qb3 Bxd5 18. Qxd5 Rhf8 19. d4 cxd4 20. cxd4 Ng4 21. Nc4 Nxe3 22. Nxe3 Bxd4 23. Rae1 Rxf1+ 24. Kxf1 Rf8+ 25. Kg1 Qf6 0-1

[Event "Vimercate op 5th"]
[Site "Vimercate"]
[Date "2011.11.27"]
[Round "5"]
[White "Ceka, Shpetim"]
[Black "Falchi, Claudio"]
[Result "1-0"]
[WhiteElo "1857"]
[BlackElo "1784"]
[PlyCount "65"]
[EventDate "2011.11.25"]
[EventType "swiss"]
[EventRounds "5"]
[EventCountry "ITA"]
[SourceTitle "EXT 2014"]
[Source "ChessBase"]
[SourceDate "2013.11.20"]
[SourceVersion "1"]
[SourceVersionDate "2013.11.20"]
[SourceQuality "1"]

1. e4 e6 2. d4 d5 3. e5 c5 4. c3 Qb6 5. f4 Bd7 6. Nf3 cxd4 7. cxd4 Bb5 8. Bxb5+ Qxb5 9. Nc3 Qa6 10. a3 Nh6 11. b4 Bxb4 12. Bd2 Ba5 13. Rb1 Bxc3 14. Bxc3 Qxa3 15. Bb4 Qe3+ 16. Kf1 Ng4 17. Be1 0-0 18. h3 Nh6 19. Rb3 Qxf4 20. Bd2 Qe4 21. Kf2 f6 22. Re1 Qg6 23. Rxb7 fxe5 24. Rxe5 Nc6 25. Rg5 Qf6 26. Rgxg7+ Qxg7 27. Rxg7+ Kxg7 28. Qc1 Nf5 29. Qxc6 Nxd4 30. Bc3 e5 31. Qc7+ Kg6 32. Qd6+ Kf5 33. Qxe5+ 1-0